| 000 | 00771cab a22001935a 4500 | ||
|---|---|---|---|
| 001 | L137816 | ||
| 008 | 070501s2007 xxk f 000 0 eng d | ||
| 035 | _a(Sirsi) u137816 | ||
| 041 | 0 | _aeng | |
| 100 | 1 | _aHackston, Alistair | |
| 245 | 0 | 0 | _aCore path plans |
| 490 |
_aScottish Planner _v(106) September 2005, 10(1) |
||
| 520 | _aReviews guidance on the Land Reform (Scotland) Act 2003. Discusses the need for Access Authorities to resolve local difficulties using Core Path Planning. Identifies timescales, staff resourcing, cost, and willingness of Access Authorities as enabling factors. | ||
| 650 | 2 | 4 | _aLAND REFORM (SCOTLAND) ACT 2003 |
| 650 | 2 | 4 | _aCORE PATH PLANS |
| 651 | 4 |
_aScotland _y1999- |
|
| 690 | _aPROPERTY-RURAL AND NATURAL ASSETS-LAND | ||
| 942 | _n0 | ||
| 999 |
_c78718 _d78718 |
||